[Event "61st Bulgarian Individual Women Chess Ch"]
[Site "Plovdiv"]
[Date "2012.02.07"]
[Round "2.4"]
[White "Salimova, Nurgyul"]
[Black "Vasileva, Cveta"]
[Result "1-0"]
[WhiteElo "1737"]
[BlackElo "1580"]
[PlyCount "113"]
[EventDate "2012.02.06"]

1. d4 e6 2. c4 Bb4+ 3. Nc3 a5 4. Nf3 Nf6 5. Bg5 h6 6. Bxf6 Qxf6 7. e3 c5 8. Qc2
cxd4 9. Nxd4 O-O 10. Be2 e5 11. Ndb5 Na6 12. O-O Qh4 13. Rad1 f5 14. Nd5 Bc5
15. a3 b6 16. Nbc7 Ra7 17. Nxa6 Bxa6 18. b4 axb4 19. axb4 Bd6 20. Nxb6 Bxb4 21.
Nxd7 Rd8 22. Nxe5 Bd6 23. Nf3 Qh5 24. h3 Bb7 25. c5 Be4 26. Qc4+ Qf7 27. Qxf7+
Kxf7 28. Rxd6 Rc8 29. Rc1 Rac7 30. c6 Ke7 31. Rg6 Bxc6 32. Rxg7+ Kd6 33. Rxc7
Rxc7 34. Nd4 Bd7 35. Rxc7 Kxc7 36. Bd3 Kd6 37. Nxf5+ Ke5 38. f4+ Kf6 39. g4 h5
40. g5+ Kf7 41. Nd4 Bxh3 42. Bf5 Bxf5 43. Nxf5 Kg6 44. e4 Kf7 45. e5 Kg6 46. e6
Kxf5 47. e7 Kxf4 48. e8=Q Kxg5 49. Kg2 Kg4 50. Qe4+ Kg5 51. Kg3 Kh6 52. Qe5 Kg6
53. Kh4 Kf7 54. Qd6 Kg7 55. Kg5 Kf7 56. Qd7+ Kf8 57. Kg6 1-0